noms des animaux - Statistiques

Statistiques générales
  • Ce quiz a été pris 990 fois
  • Le résultat moyen est 6 sur 8
Statistiques - réponses
noms couleur % Correct
cochon rose
99%
serpent vert
97%
arraignee noir
96%
dauphin bleu
90%
cheval marron
86%
singe marron
86%
poule blanche
46%
tortue verte et marron
1%
Aucun quiz correspondant
Distribution des résultats
% des personnes avec chaque résultat
Percentile par nombre de réponses
Votre historique - résultats
Vous n’avez pas pris ce quiz